000
00200 a2200097 4500
001
2575
100
_a
King, Stephen
245
_a
Christine
260
_a
_b
New English Library
_c
090
_c
1872
_d
1872
942
_a
NUST-CAE
_c
M
_c
9691
999
_c
237648
_d
237648